LEADER 01489nam a2200289 a 4500 001 000000126069 003 CaOOAMICUS 005 20110719102957.0 008 110718s2006 sp u000 u cat c 020 $z84-935144-2-X* 040 $aANS$bita$dPUL 100 1 $aSerra Abellà, Rafael.$0(OLS)http://pul/name/80176 245 12$aL'ordenaciò dels preveres i diaques i la instituciò de ministeris eclesiàstics en la litùrgia hispànica :$banàlisi litùrgico-teològica dels Ordines XIV-XVIII del Liber Ordinum Episcopalis /$cRafael Serra Abellà. 260 $aRomae :$b[s.n.],$c2009. 300 $a370 p.$c22 cm 490 1 $aCollectània sant Pacià 500 $aSul front.: Facultat de Teologia de Catalunya 502 $aDissertatio ad Doctoratum in Sacra Liturgia-- Pontificium Athenaeum S. Anselmi de Urbe, 2009 504 $aBibliografia: p. [349]-362. 830 0$aCol·lectània Sant Pacià ;$v86.$0(OLS)http://pul/title/64695 850 $aPUL 852 $aPUL$W1$xDP1 Tesi Pon. At. S. Anselmo$y29$m2009 B 11$j135567$qTesi$B144255$CPULBib$Z2$F144255 $82 941 1 $a16 996 $6020$z84-935144-2-X*$9(OLS)http://pul/number/147790 996 $6245$aL'ordenaciò dels preveres i diaques i la instituciò de ministeris eclesiàstics en la litùrgia hispànica :$banàlisi litùrgico-teològica dels Ordines XIV-XVIII del Liber Ordinum Episcopalis$9(OLS)http://pul/title/159149 996 $6260$aRomae :$b[s.n.]$9(OLS)http://pul/publisher/48223 LEADER 01635nam a2200337 u 4500 001 000000046813 003 CaOOAMICUS 005 20070226114820.0 008 990720s1980 mou u000 u eng u 020 $a0935372067 035 $a10830316 040 $aPUL(R)$bita 245 00$aGenetic counseling the Church and the law /$cedited by Gary M. Atkinson, Ph. D. and Albert S. Moraczewski, O.P., Ph.D. 260 $aSt. Louis (Miss.) :$bPope John XXIII Medical-Moral Research and Education Center,$c1980. 300 $axvii, 259 p. ;$c22 cm 490 1 $aPapal teaching series 500 $aContiene indici. 500 $aIn calce al front.: A report of the task force on genetic diagnosis and counseling Pope John XXIII medical-moral research and education center. 504 $aBibliografia in nota. 650 4$aSesso$xAspetti morali e religiosi.$0(OLS)http://pul/subject/6711 650 4$aProcreazione artificiale.$0(OLS)http://pul/subject/19802 700 1 $aMoraczewski, Albert.$0(OLS)http://pul/name/33937 700 1 $aAtkinson, Gary M.$0(OLS)http://pul/name/34070 830 0$aPapal teaching series.$0(OLS)http://pul/title/63031 850 $aPUL 852 $aPUL$W1$xSL Religione 1$y3$m39 D 115$j62656$nBK-PRI$b $qStampati$B62656$CPULBib$Z2$F62656 $H $81 941 1 $a8 961 $aINV: 64502 996 $6020$a0935372067$9(OLS)http://pul/number/58376 996 $6245$aGenetic counseling the Church and the law$9(OLS)http://pul/title/63032 996 $6260$aSt. Louis (Miss.) :$bPope John XXIII Medical-Moral Research and Education Center$9(OLS)http://pul/publisher/66667